Comparative economics in a transforming world economy / (Record no. 190809)

MARC details
000 -LEADER
fixed length control field 01079nam a2200337 a 4500
001 - CONTROL NUMBER
control field vtls000183705
003 - CONTROL NUMBER IDENTIFIER
control field NLI
005 - DATE AND TIME OF LATEST TRANSACTION
control field 20210602111251.0
008 - FIXED-LENGTH DATA ELEMENTS--GENERAL INFORMATION
fixed length control field 101125s2004 mauab 001 0 eng
020 ## - INTERNATIONAL STANDARD BOOK NUMBER
International Standard Book Number 0262182343 :
Terms of availability USD 100.00
020 ## - INTERNATIONAL STANDARD BOOK NUMBER
International Standard Book Number 0262681536
039 #9 - LEVEL OF BIBLIOGRAPHIC CONTROL AND CODING DETAIL [OBSOLETE]
-- 201011252214
-- VLOAD
040 ## - CATALOGING SOURCE
Original cataloging agency NLI
Language of cataloging eng
Transcribing agency Datasoft 1
Description conventions AACR2
041 0# - LANGUAGE CODE
Language code of text/sound track or separate title eng
044 ## - COUNTRY OF PUBLISHING/PRODUCING ENTITY CODE
MARC country code mau
082 04 - DEWEY DECIMAL CLASSIFICATION NUMBER
Classification number 337
100 1# - MAIN ENTRY--PERSONAL NAME
Personal name Rosser, J. Barkley
Fuller form of name (John Barkley),
Dates associated with a name 1948-
9 (RLIN) 350290
245 10 - TITLE STATEMENT
Title Comparative economics in a transforming world economy /
Statement of responsibility, etc. J. Barkley Rosser, Jr. [and] Marina V. Rosser
250 ## - EDITION STATEMENT
Edition statement 2nd ed.
260 ## - PUBLICATION, DISTRIBUTION, ETC.
Place of publication, distribution, etc. Cambridge Mass. :
Name of publisher, distributor, etc. MIT Press,
Date of publication, distribution, etc. c2004
300 ## - PHYSICAL DESCRIPTION
Extent x, 646 p. :
Other physical details ill., maps ;
Dimensions 24 cm.
500 ## - GENERAL NOTE
General note Includes index
650 #0 - SUBJECT ADDED ENTRY--TOPICAL TERM
Topical term or geographic name entry element Comparative economics
9 (RLIN) 210636
650 #0 - SUBJECT ADDED ENTRY--TOPICAL TERM
Topical term or geographic name entry element International economic relations
9 (RLIN) 5820
700 1# - ADDED ENTRY--PERSONAL NAME
Personal name Rosser, Marina V.
Fuller form of name (Marina Vschernaya),
Relationship jt. aut
9 (RLIN) 350291
887 ## - NON-MARC INFORMATION FIELD
Content of non-MARC field
901 ## - LOCAL DATA ELEMENT A, LDA (RLIN)
a 551624
b 2.12.2005
902 ## - LOCAL DATA ELEMENT B, LDB (RLIN)
a E 337 R 735
942 ## - ADDED ENTRY ELEMENTS (KOHA)
Source of classification or shelving scheme Dewey Decimal Classification
Koha item type Books
949 ## - LOCAL PROCESSING INFORMATION (OCLC)
-- VIRTUAITEM
-- 10000
-- 100
6 PUR000551624ENG
Holdings
Withdrawn status Lost status Damaged status Not for loan Collection code Home library Current library Shelving location Date acquired Total Checkouts Full call number Barcode Date last seen Price effective from Koha item type
        New English National Library of India National Library of India New English - Main Stack Division     E 337 R 735 PUR000551624ENG 02/06/2021 02/06/2021 Books
                                                                           
web counter

Copyright ©2020 The National Library of India, Govt. of India ↔ Hosted by NVLI, MOC ↔ Technology and Design by National Library of India, Ministry of Culture, Govt. of India